000 01351cam a22003737a 4500
001 7850055
003 OSt
005 20211122101220.0
006 m d
007 cr n
008 071108s2008 enka sb 001 0 eng d
015 _aGBA766964
_2bnb
016 7 _a013824454
_2Uk
020 _a9781848000629 (hbk.)
035 _a(WaSeSS)ssj0000292695
038 _aKhadija
040 _aUKM
_cUKM
_dBAKER
_dBTCTA
_dC#P
_dYDXCP
_dIXA
_dDLC
_dWaSeSS
042 _aukblcatcopy
_alccopycat
050 4 _aTJ211
_b.A743 2008
082 0 4 _a629.8933
_222
_bARI
100 1 _aArimoto, Suguru,
_d1936-
_984840
210 1 0 _aControl theory of multi-fingered hands
245 1 0 _aControl Theory of Multi-fingered Hands :
_bA modelling and Analytical-mechanics Approach for Dexterity and Intelligence /
_cSuguru Arimoto.
260 _aLondon :
_bSpringer,
_cc2008.
504 _aIncludes bibliographical references and index.
506 _aLicense restrictions may limit access.
563 _aHB
650 0 _aRobot hands.
_984841
650 0 _aRobots
_xControl systems.
_984842
773 0 _tSpringerLink ebooks - Engineering (2008)
856 4 0 _uhttp://www.columbia.edu/cgi-bin/cul/resolve?clio7850055
_zFull text available from SpringerLink ebooks - Engineering (2008)
910 _aLibrary of Congress record
942 _2ddc
_cBK
999 _c31878
_d31878